| 000 | 01261cam a2200277 a 4500 | ||
|---|---|---|---|
| 001 | 6579001 | ||
| 005 | 20171219090231.0 | ||
| 008 | 790620s1964 vtuaf 000 1 eng | ||
| 010 | _a 64005445 | ||
| 040 |
_aDLC _cDLC _dDLC |
||
| 041 | _aeng | ||
| 043 | _ae-uk-en | ||
| 051 |
_aPR4494 _b.W5 1964 _cCopyright deposit copy in slipcase, with embossed stamp below colophon: This is one of 15 presentation copies 'out of series.' |
||
| 051 |
_aLEC no. 357 _cCopy no. "H.M", in slipcase, with embossed stamp below colophon: This is one of 15 presentation copies 'out of series.' No. 364 (May 1964) of Monthly letter of Limited Editions Club laid in. Acquired as part of an archival set from the publisher in 2008. |
||
| 080 | _a316 STA | ||
| 082 | _a316 STA | ||
| 100 | 1 | _a50 | |
| 101 | _aSOC | ||
| 245 | 1 | 4 |
_aThe woman in white / _cCollins Wilkie ; with an introduction by Vincent Starrett ; illustrated by Leonard Rosoman. |
| 510 | 4 |
_aNewman & Wiche. Great and good books, _c357 |
|
| 510 | 4 |
_aLimited Editions Club. Bibliography of the fine books published by the Limited Editions Club, 1929-1985, _cno. 357 |
|
| 906 |
_a7 _bcbc _cpremver _d1 _encip _f19 _gy-gencatlg |
||
| 942 |
_2ddc _cBK |
||
| 999 |
_c39187 _d39187 |
||